000
00258pab a2200109 454500
008
180718b xxu||||| |||| 00| 0 eng d
100
_a
Das, P.M.
245
_a
Humanising the police
650
_a
Police - India
773
_a
Indian Police Journal
909
_a
23850
999
_c
23850
_d
23850